Normal view
MARC view
- BECKER, PETER W,JENSON, FINN
Entry Personal Name
001 - CONTROL NUMBER
- control field: 75599
003 - CONTROL NUMBER IDENTIFIER
- control field: NUST
005 - DATE AND TIME OF LATEST TRANSACTION
- control field: 20210628205440.0
008 - FIXED-LENGTH DATA ELEMENTS
- fixed length control field: 210628|| aca||aabn | a|a d
040 ## - CATALOGING SOURCE
- Original cataloging agency: NUST
- Transcribing agency: NUST
100 ## - HEADING--PERSONAL NAME
- Personal name: BECKER, PETER W,JENSON, FINN
670 ## - SOURCE DATA FOUND
- Source citation: Work cat.: (NUST): BECKER, PETER W,JENSON, FINN, DESIGN OF SYSTEMS AND CIRCUITS FOR MAXIMUM RELIABILITY OR MAXIMUM PRODUCTION YIELD, 1977
